| 000 | 00721nam a2200241Ia 4500 | ||
|---|---|---|---|
| 003 | OSt | ||
| 005 | 20220928133003.0 | ||
| 006 | a|||||r|||| 00| 0 | ||
| 007 | ta | ||
| 008 | 220927b |||||||| |||| 00| 0 eng d | ||
| 024 | _a65654 | ||
| 037 | _cTextual | ||
| 040 |
_aSDCL _cSDCL _beng |
||
| 041 |
_2eng _aeng |
||
| 082 | _aR625,13x4,1, P4.1 | ||
| 100 |
_aBhattacarya's Gadadhara _9429564 |
||
| 245 | 0 |
_aVyupatlivadah _b Abhedanvaya prakaranam.V1-Ed. Achyutananda Dash- |
|
| 260 |
_aDelhi _bN B B C _c2004 |
||
| 490 | _vV1.Pt1(xvi,747p) | ||
| 650 |
_aGada-dhara Bhattacarya Vyupatti-vada _9483898 |
||
| 942 |
_hR625,13x4,1, P4.1 _cTEXL _2CC |
||
| 999 |
_c797115 _d797115 |
||